Disney Princesses and Heroines - Statistics

General Stats
  • This quiz has been taken 461 times
  • The average score is 28 of 54
Answer Stats
Hint Answer % Correct
The Little Mermaid Ariel
96%
The Fairest One of All Snow White
96%
Sleeping Beauty Aurora/Briar Rose
94%
Servant Girl Cinderella
94%
The Sultan's daughter Jasmine
92%
70 feet long hair Rapunzel
92%
Princess Beauty Belle
91%
Ping Fa Mulan
91%
Brave Merida
91%
Powhatan Pocahontas
91%
Miss Froggy Tiana
89%
The Snow Queen Elsa of Arendelle
87%
Lioness Nala
85%
Wonderland Alice
84%
Sister of the above Anna of Arendelle
84%
Mrs. Tarzan Jane Porter
84%
Fairy Tinker Bell
76%
She's a Tramp Lady
71%
Mouse Minnie Mouse
70%
Chosen by the Ocean Moana
70%
Lost girl Wendy Darling
70%
Cowgirl Jessie the Yodeling Cowgirl
67%
Greek Megara
67%
Duck Daisy Duck
63%
Gypsy girl Esmeralda
59%
The Mermaid's daughter Melody
56%
Avalor Elena of Avalor
48%
Enchanted Giselle Philip
44%
King Richard's niece Maid Marian
44%
The First Sofia
42%
Atlantis Kidagakash "Kida" Nedakh
41%
Glitch Vanellope von Schweetz
39%
The Lion's daughter Kiara
35%
Kidnapped by Captain Hook Tiger Lily
31%
The Mermaid's sisters Alana
30%
The Mermaid's sisters Aquata
30%
The Mermaid's sisters Adella
27%
Daughters of the Emperor of China Mei
27%
Daughters of the Emperor of China Ting-Ting
27%
The Mermaid's sisters Arista
26%
The Mermaid's sisters Attina
26%
Daughters of the Emperor of China Su
26%
Ants Dot
25%
Ants Atta
24%
Princess of Mardi Gras Charlotte "Lottie" La Bouff
23%
The Mermaid's sisters Andrina
21%
Has a crush on Mowgli Shanti
21%
Doe Faline
17%
Taran's love interest Eilonwy of Llyr
14%
Princess of Enchancia Amber
13%
Rag doll monster Sally
13%
Actual Princess of Andalasia Nancy Tremaine
12%
Love interest of Quasimodo Madellaine
9%
Sister Bear Nita
5%
No matching quizzes found
Score Distribution
Percent of People with Each Score
Percentile by Number Answered
Your Score History
You have not taken this quiz